| 000 | 00382cam a2200157ua 4500 | ||
|---|---|---|---|
| 041 |
_aeng _h |
||
| 082 |
_a823.308 _bGER/ST |
||
| 100 | _aGerman, Yuri . | ||
| 245 |
_aStaunch and the true / _cYuri German. _hTextual Documents |
||
| 250 |
_a1 / _b. |
||
| 260 |
_aMoscow : _bProgress Publishers , _c1955. |
||
| 300 | _a579 ; . | ||
| 504 | _a | ||
| 942 | _cBK | ||
| 999 |
_c11819 _d11819 |
||